Rubens: (Record no. 608321)
[ view plain ]
| 000 -LEADER | |
|---|---|
| fixed length control field | 00639nam a22002057a 4500 |
| 003 - CONTROL NUMBER IDENTIFIER | |
| control field | OSt |
| 005 - DATE AND TIME OF LATEST TRANSACTION | |
| control field | 20240227113119.0 |
| 008 - FIXED-LENGTH DATA ELEMENTS--GENERAL INFORMATION | |
| fixed length control field | 190516t xxu||||| |||| 00| 0 eng d |
| 020 ## - INTERNATIONAL STANDARD BOOK NUMBER | |
| International Standard Book Number | 9781870461276 |
| 040 ## - CATALOGING SOURCE | |
| Transcribing agency | 0 |
| 082 ## - DEWEY DECIMAL CLASSIFICATION NUMBER | |
| Classification number | 759.9493 |
| Author Mark | MOR 1988 |
| 100 1# - MAIN ENTRY--PERSONAL NAME | |
| Personal name | Morrall, Andrew |
| 9 (RLIN) | 121444 |
| 245 10 - TITLE STATEMENT | |
| Title | Rubens: |
| Remainder of title | the history and Techniques of the great masters/ |
| Statement of responsibility, etc. | Andrew Morrall |
| 260 ## - PUBLICATION, DISTRIBUTION, ETC. | |
| Place of publication, distribution, etc. | London: |
| Name of publisher, distributor, etc. | Tiger Books International; |
| Date of publication, distribution, etc. | 1988. |
| 300 ## - PHYSICAL DESCRIPTION | |
| Extent | 64p.: |
| Other physical details | ill; |
| Dimensions | 30cm. |
| 650 ## - SUBJECT ADDED ENTRY--TOPICAL TERM | |
| Topical term or geographic name entry element | Painting, Dutch |
| 9 (RLIN) | 121445 |
| 650 ## - SUBJECT ADDED ENTRY--TOPICAL TERM | |
| Geographic subdivision | Netherlands |
| 9 (RLIN) | 121446 |
| 942 ## - ADDED ENTRY ELEMENTS (KOHA) | |
| Source of classification or shelving scheme | |
| Koha item type | Book |
| Institution code [OBSOLETE] | SADA |
| Call number prefix | 759.9493 MOR 1988 |
| Withdrawn status | Lost status | Source of classification or shelving scheme | Damaged status | Not for loan | Permanent Location | Current Location | Date acquired | Total Checkouts | Full call number | Barcode | Date last seen | Price effective from | Koha item type |
|---|---|---|---|---|---|---|---|---|---|---|---|---|---|
| School of Art Design and Architecture (SADA) | School of Art Design and Architecture (SADA) | 05/09/2019 | 759.9493 MOR 1988 | SADAD0000405 | 02/27/2024 | 02/27/2024 | Book |
